书目信息 |
| 题名: |
GIS地图符号共享研究
|
|
| 作者: | 陶陶 著 | |
| 分册: | ||
| 出版信息: | 重庆 重庆大学出版社 2014.03 |
|
| 页数: | 125页 | |
| 开本: | 26cm | |
| 丛书名: | ||
| 单 册: | ||
| 中图分类: | P208.2 | |
| 科图分类: | ||
| 主题词: | 地理信息系统--应用软件--研究 , 地理信息系统 , 应用软件 | |
| 电子资源: | ||
| ISBN: | 978-7-5624-7841-6 | |
| 000 | 01146nam0 2200277 450 | |
| 001 | 0120141223521 | |
| 005 | 20140610104218.73 | |
| 010 | @a978-7-5624-7841-6@dCNY48.00 | |
| 100 | @a20140411d2014 em y0chiy0110 ea | |
| 101 | 0 | @achi |
| 102 | @aCN@b500000 | |
| 105 | @aa z 000yy | |
| 106 | @ar | |
| 200 | 1 | @aGIS地图符号共享研究@9GISdi tu fu hao gong xiang yan jiu@f陶陶著 |
| 210 | @a重庆@c重庆大学出版社@d2014.03 | |
| 215 | @a125页@c图@d26cm | |
| 300 | @a国家自然科学基金(40701149,51178480,51178478) 重庆市科技攻关重点项目(cstc2012gg-yyjsB00001) 中央高校基本科研业务费(106112012CDJZR19006 106112013CDJZR19008)资助出版 | |
| 330 | @a本书从分析现有GIS地图符号共享技术及其存在的问题入手,提出了一种基于OGC符号编码规范(SE)等多种具有可操作性的GIS地图符号共享方法,使人们在共享地理空间数据的同时,实现同一地图符号库在多个GIS软件之间以及在Internet环境下的共享。 | |
| 333 | @a地图符号共享技术相关研究人员 | |
| 606 | 0 | @a地理信息系统@x应用软件@x研究 |
| 606 | 0 | @a地理信息系统 |
| 606 | 0 | @a应用软件 |
| 690 | @aP208.2@v5 | |
| 701 | 0 | @a陶陶@9tao tao@f(1975-)@4著 |
| 801 | 0 | @aCN@b人天书店@c20140411 |
| 905 | @b846550-52@dP208.2@e220@f3 | |
| GIS地图符号共享研究/陶陶著.-重庆:重庆大学出版社,2014.03 |
| 125页:图;26cm |
| 国家自然科学基金(40701149,51178480,51178478) 重庆市科技攻关重点项目(cstc2012gg-yyjsB00001) 中央高校基本科研业务费(106112012CDJZR19006 106112013CDJZR19008)资助出版.-使用对象:地图符号共享技术相关研究人员 |
| ISBN 978-7-5624-7841-6:CNY48.00 |
| 本书从分析现有GIS地图符号共享技术及其存在的问题入手,提出了一种基于OGC符号编码规范(SE)等多种具有可操作性的GIS地图符号共享方法,使人们在共享地理空间数据的同时,实现同一地图符号库在多个GIS软件之间以及在Internet环境下的共享。 |
| ● |
| 相关链接 |
|
|
|
|
正题名:GIS地图符号共享研究
索取号:P208.2/220
 
预约/预借
| 序号 | 登录号 | 条形码 | 馆藏地/架位号 | 状态 | 备注 |
| 1 | 846550 | 208465506 | 第二样本阅览室/ [索取号:P208.2/220] | 在馆 | |
| 2 | 846551 | 208465515 | 第三借阅区/ [索取号:P208.2/220] | 在馆 | |
| 3 | 846552 | 208465524 | 资源管理系资料室/ [索取号:P208.2/220] | 在馆 |